|
|
|
|
| LEADER |
01112nam a2200301 i 4500 |
| 001 |
c000328029 |
| 003 |
CARM |
| 005 |
00000000000000.0 |
| 008 |
771111s1977 enkacf 00110 eng |
| 015 |
|
|
|a GB77-12609
|
| 019 |
1 |
|
|a 27531140
|z 1063316
|z 25106487
|z 22518004
|z 57718491
|5 LACONCORD2021
|
| 020 |
|
|
|a 0241395367 :
|c £6.95
|
| 035 |
|
|
|a (OCoLC)3137840
|5 LACONCORD2021
|
| 043 |
|
|
|a e-uk---
|a n-us---
|
| 050 |
0 |
0 |
|a PR409.H45
|b C3
|
| 100 |
1 |
|
|a Calder, Jenni.
|
| 245 |
1 |
0 |
|a Heroes :
|b from Byron to Guevara /
|c [by] Jenni Calder.
|
| 260 |
|
|
|a London :
|b Hamilton,
|c 1977.
|
| 300 |
|
|
|a xii, 211 p., 8 p. of plates :
|b ill., ports. ;
|c 23 cm.
|
| 500 |
|
|
|a Includes index.
|
| 650 |
|
0 |
|a Heroes in literature.
|
| 650 |
|
0 |
|a English literature
|x History and criticism.
|
| 650 |
|
0 |
|a American literature
|x History and criticism.
|
| 650 |
|
0 |
|a Heroes.
|
| 852 |
8 |
|
|b CARM
|h A1:AM32C0
|i B09703
|p 0438952
|f BK
|
| 082 |
0 |
4 |
|a 809/.933/52
|
| 999 |
f |
f |
|i 3b2889de-d30c-5dd6-9b35-806b0d3f20dc
|s f4e741ba-adb3-5032-ab4b-b262a0fe865b
|
| 952 |
f |
f |
|p Can circulate
|a CAVAL
|b CAVAL
|c CAVAL
|d CARM 1 Store
|e B09703
|f A1:AM32C0
|h Other scheme
|i book
|m 0438952
|